Classement album de Taylor Swift en France - Statistiques

Statistiques générales
  • Ce quiz a été pris 112 fois
  • Le résultat moyen est 7 sur 13
Statistiques - réponses
Hint Réponse % Correct
Classé 1er Midnights
93%
Classé 9e 1989
58%
Classé 5e Lover
56%
Classé 16e Reputation
53%
Classé 12e Folklore
52%
Classé 30e Red
52%
Classé 68e Evermore
51%
Classé 39e Speak Now
50%
Classé 26e Fearless
49%
Classé 1er 1989 TV
38%
Classé 2e Speak Now TV
35%
Classé 10e Red TV
34%
Classé 26e Fearless TV
30%
Aucun quiz correspondant
Distribution des résultats
% des personnes avec chaque résultat
Percentile par nombre de réponses
Votre historique - résultats
Vous n’avez pas pris ce quiz